Danske musikeres mest streamede sang 2 - Statistics

General Stats
  • This quiz has been taken 5 times
  • The average score is 8 of 25
Answer Stats
Kunstner Sang % Correct
TV-2 De Første Kærester På Månen
75%
Suspekt Gonzo
75%
Skinz Jeg har en pige
75%
Tobias Rahim Mucki Bar
75%
Rasmus Seebach Natteravn
75%
andreas odbjerg føler mig selv 100
50%
Citybois Sig Mig
50%
Wafande Uartig
50%
Birthe Kjær Vi Maler Byen Rød
50%
Barbara Moleko Dum For Dig
25%
På Slaget 12 Hjem Til Århus
25%
Laban Hvor ska' vi sove i nat?
25%
Medina Jalousi
25%
Junior Senior Move Your Feet
25%
John Mogensen Så Længe Jeg Lever
25%
FOOL Strapped
25%
Panamah Børn Af Natten
0%
Natasja Calabria 2008
0%
Benjamin Hav Den Dejligste Boy
0%
Julias Moon Lipstick Lies
0%
Christopher My Heart
0%
Tim Christensen Right Next to the Right One
0%
Den Gale Pose Spændt Op Til Lir
0%
Sneakers Sui-Sui
0%
Gnags Vilde Kaniner
0%
No matching quizzes found
Score Distribution
Percent of People with Each Score
Percentile by Number Answered
Your Score History
You have not taken this quiz